000 00419nam a2200169Ia 4500
005 20250923144428.0
008 008 250917s9999 xx 000 0 eng d
037 _aReports
040 _aDSWL
_beng
_cDSWL
041 _aeng
_2eng
084 _qDSWL
245 0 _aReport
_cbyCriminal Tribes Act Inquiry Committee (1949-1950)
260 _c1951
300 _a177 p.
942 _cREP
999 _c1438740
_d1438740